Aspects of altitudinal distribution of chiropterans in the eastern andean cordillera of Colombia (Registro nro. 10390)

Detalles MARC
000 -CABECERA
Campo de control 004990000a22001570004500
090 ## - CLASIFICACIÓN LOCAL
Colección AR
Consecutivo 01305
041 0# - IDIOMA
Código de idioma para texto/pista de sonido o título separado
100 1# - ASIENTO PRINCIPAL--NOMBRE PERSONAL
Nombre personal Tamsitt, J. R.
245 10 - MENCION DE TITULO
Título Aspects of altitudinal distribution of chiropterans in the eastern andean cordillera of Colombia
650 14 - ASIENTO SECUNDARIO DE MATERIA - TERMINO TEMATICO
Término temático o nombre geográfico como elemento de entrada Distribución altitudinal
650 14 - ASIENTO SECUNDARIO DE MATERIA - TERMINO TEMATICO
Término temático o nombre geográfico como elemento de entrada Murciélagos
651 #4 - ASIENTO SECUNDARIO DE MATERIA - NOMBRE GEOGRAFICO
-- Colombia
700 1# - ASIENTO SECUNDARIO - NOMBRE PERSONAL
Nombre personal Valdivieso, Darío
773 1# - Item fuente:
Título American Zoologist
Especificación de materiales 477
Descripción física 4
Paginas del Articulo 492-492
Lugar, editorial y fecha de publicación 1965
Información sobre la relación 5
942 ## - ELEMENTOS ADICIONALES (KOHA)
Tipo de ítem Artículo
Existencias
Withdrawn status Lost status Damaged status No para préstamo Colección Ubicación Permanente Ubicación actual Fecha de adquisición Fuente de Valor Datos de publicación Seriada Total Checkouts Número topográfico Inventario / Código de Barras Date last seen Ejemplar Price effective from Forma de adquisición Tipo de material
      No para Préstamo Hemeroteca Bogotá Bogotá 27/02/2015 Muñoz Saba, Yaneth Fuera de circulación   AR 01305 011647 25/03/2015 1 25/03/2015   Artículo